Normal view
MARC view
Entry Topical Term
001 - CONTROL NUMBER
- control field: 51396
003 - CONTROL NUMBER IDENTIFIER
- control field: ARRUPE
005 - DATE AND TIME OF LATEST TRANSACTION
- control field: 20220504082119.0
008 - FIXED-LENGTH DATA ELEMENTS
- fixed length control field: 220504|| aca||aabn | a|a d
040 ## - CATALOGING SOURCE
- Original cataloging agency: ARRUPE
- Transcribing agency: ARRUPE
150 ## - HEADING--TOPICAL TERM
- Topical term or geographic name as entry element: History, Modern
- Chronological subdivision: 20th century
- Form subdivision: Dictionaries
670 ## - SOURCE DATA FOUND
- Source citation: Work cat.: (ARRUPE)131335: Palmowski, Jan. 51395, A dictionary of contemporary world history :, 2003.